Science Quiz

Random Science or Animal Quiz
Score 0/15 Timer 00:30
0 Plays Today
% Correct
Bear
98.4%
Dog
94.7%
Cougar
93.4%
Human
92.3%
Rabbit
91.7%
Elephant
90.3%
Koala
89.9%
Giraffe
88.8%
% Correct
Mouse
88.2%
Mole
85.1%
Platypus
83.3%
Opossum
81.9%
Bat
75.8%
Sea Lion
73.8%
Pangolin
45.5%

You're not logged in!

Compare scores with friends on all Sporcle quizzes.
OR
Log In

Sporcle TV

Today on Sporcle TV


Watch our educational content, quiz creation guides, and fun videos on Sporcle TV.

Show Comments

Extras

Top Quizzes Today

Top Quizzes with Similar Tags


Score Distribution

Paid Content

Your Account Isn't Verified!

In order to create a playlist on Sporcle, you need to verify the email address you used during registration. Go to your Sporcle Settings to finish the process.

Report this User

Report this user for behavior that violates our Community Guidelines.

Details: